| 000 | 00466nam a2200157 i 4500 | ||
|---|---|---|---|
| 001 | 46278 | ||
| 003 | ES-MaACL | ||
| 005 | 20230906161344.0 | ||
| 007 | t| | ||
| 008 | 030328s1966 sp ||||1| spa d | ||
| 245 | 0 | 0 |
_aConcilio Vaticano II / _cantología y prólogo por Pablo Beltrán de Heredia. |
| 260 |
_aMadrid : _bAfrodisio Aguado, _c1966. |
||
| 300 |
_a97 p. ; _c21 cm. |
||
| 700 | 1 |
_aBeltrán de Heredia, Pablo. _927358 |
|
| 852 |
_aES-MaACL _jC-29625 _bR.59938 |
||
| 999 |
_c46278 _d46278 |
||